Strategies for effective teaching /
Kaydedildi:
| Yazar: | |
|---|---|
| Diğer Yazarlar: | |
| Materyal Türü: | Sách giấy |
| Baskı/Yayın Bilgisi: |
Boston :
McGraw Hill,
c2000.
|
| Edisyon: | 3rd ed. |
| Konular: | |
| Online Erişim: | Table of contents Publisher description |
| Etiketler: |
Etiketle
Etiket eklenmemiş, İlk siz ekleyin!
|
| Thư viện lưu trữ: | Thư viện Trường Đại học Đà Lạt |
|---|
| LEADER | 01264nam a2200409 4500 | ||
|---|---|---|---|
| 001 | DLU030021978 | ||
| 005 | ##20020910201832.0 | ||
| 008 | ##990521s2000 maua b 001 0 eng | ||
| 010 | # | # | |a 99034637 |
| 020 | # | # | |a 069729885X (alk. paper) |
| 035 | # | # | |9 (DLC) 99034637 |
| 040 | # | # | |a DLC |c DLC |d DLC |
| 050 | # | # | |a LB1025.3 |b .O76 2000 |
| 082 | # | # | |a 371.102 |b OR-A |
| 100 | # | # | |a Ornstein, Allan C. |
| 245 | # | # | |a Strategies for effective teaching / |c Allan C. Ornstein, Thomas J. Lasley, II. |
| 250 | # | # | |a 3rd ed. |
| 260 | # | # | |a Boston : |b McGraw Hill, |c c2000. |
| 300 | # | # | |a xxii, 554 p. : |b ill. ; |c 24 cm. |
| 504 | # | # | |a Includes bibliographical references and indexes. |
| 650 | # | # | |a Classroom management. |
| 650 | # | # | |a Effective teaching. |
| 650 | # | # | |a Lesson planning. |
| 650 | # | # | |a Teachers |x Training of. |
| 650 | # | # | |a Teaching. |
| 700 | # | # | |a Lasley, Thomas J. |
| 856 | # | # | |3 Table of contents |u http://www.loc.gov/catdir/toc/mh023/99034637.html |
| 856 | # | # | |3 Publisher description |u http://www.loc.gov/catdir/description/mh023/99034637.html |
| 992 | # | # | |a 83.6 |
| 994 | # | # | |a DLU |
| 900 | # | # | |a True |
| 911 | # | # | |a Phan Ngọc Đông |
| 925 | # | # | |a G |
| 926 | # | # | |a A |
| 927 | # | # | |a SH |
| 980 | # | # | |a Thư viện Trường Đại học Đà Lạt |


